03016nam a2200277 a 450000100100000000500170001000800410002702000150006804000250008304100130010808200180012124500660013926000370020530000370024250515380027950504970181759000260231465000400234065000320238065000260241265000290243871001010246791000370256895201160260599900170272100003023520200930060145.0110505s1999 dr ad 000 0 spa d a9211270545 aDO-SdBNPbspacBNPHU aspaheng a305.42bA265g00aAgeing in a gendered world :bwomen´s issues and identities. aSanto Domingo :bINSTRAW,c1999. a391 p. :bil., diagrs. ;c23 cm.0 gIntroduction: ageing as a women's issuetInternational initiatives on ageing /rAntony de Bono --gSection 1: ageing and pension policies in Gendered society --tWomen and old-age income security in the United States /rLaura Katz Olson --tWomen in the development of the Japanese welfare state /rMisa Izuhara --tWomen's pensions and the impact of privatization in Britain /rJay Ginn and Sara Arber --tLife-cycle income and motherhood: simulations for British women of the 1990s /rHugh Davies, Heather Joshi and Romana Peronaci --tThe effect of disadvantages in early career on later career outcomes: a Canadian case study /rIsik Urla Zeytinoglu and Caroline L. Weber --tGender-based barriers to career development in Australia /rRussell Rimmer --gSection 2 : Care and Care-giving in family and community --tCaring women, cared-for women: the discourse of care-giving in Italy /rIsabella Paoletti --tRepeating what you sow? Older women, housing and family dynamics in urban Mexico /rAnn Varley and Maribel Blasco --tFamily Support Systems and Older Women in Sub-Saharan Africa /rIrene Zeilinger --tOlder women in transitions in Estonia: continuing care-givers /rSilva Tedre and Tiami Tulva --tOld age, gender and marginality in Peru: development for the elderly /rFiona Clark --tCaring for the care-givers: challenges for Italian social policy /rGiovanni Lamura, Maria Gabriella Melchiorre, Massimo Mengani --tGendered aspects of caring for older persons in Europe: policy data requirements /rTatiana Sikoska0 gSection 3 : Beyond care-giving: identity and empowerment --tIdentity, culture and older women /rNoeleen O'Beirne --tSilencing the voices of older women /rRachel Siegel --tGendered living environments for the elderly in Turkey and Sweden /rE. Olcay Ímamoglu and Vacit Ímamoglu --tNavigating in unknown waters: Canadian widows negotiating relationsh /rDeborah K. van den Hoonaard --tAge, migration, gender and empowerment: older migrant women in Europe /rGail Wilson ... [et al.]. aInventariado, 2018/VM 4aMujeresxCondiciones sociales92063 4aPensiones a la vejez911122 4aEnvejecimiento956924 4aSalud de la mujer9377142 aUnited Nations International Research and Training Institute for the Advancement of Women956925 aValidado. Control de calidad MFF 0010718PDaPDbPDcHDd2011-05-05iLF1l0o305.42 A265gp30235-10r2020-06-25w2020-06-25yLFPDZNo se presta c29727d29727